000 00830pam a2200277 a 4500
001 2438343
003 OSt
005 20160812151130.0
008 880920s1990 paua b 001 0 eng c
010 _a 88030541
020 _a0721626149
040 _aDNLM/DLC
_cDLC
_dDLC
082 _aWB 100
_bC322a 1990
245 0 0 _aCecil essentials of medicine /
_cThomas E. Andreoli ... [et al.].
250 _a2nd ed.
260 _aPhiladelphia :
_bSaunders,
_c1990.
300 _axiv, 830 p. :
_bcol.ill;
_c26 cm.
504 _aIncludes bibliographies and index.
650 0 _aInternal medicine.
_9849
650 2 _aMedicine.
_9324
700 1 _aCecil, Russell L.
_910638
700 1 _aAndreoli, Thomas E.,
_910639
740 0 _aEssentials of medicine.
906 _a7
_bcbc
_corignew
_d1
_eocip
_f19
_gy-gencatlg
942 _2z
_cO_SHELF
999 _c4966
_d4966